[Event "Moscow-Open 2021_A"]
[Site "Moscow"]
[Date "2021.02.20"]
[Round "1.32"]
[White "Averin, Nikolay"]
[Black "Ibadov, Dashgyn"]
[Result "*"]
[WhiteElo "1818"]
[BlackElo "2282"]
[PlyCount "126"]
[EventDate "2021.02.20"]

1. e4 e5 2. Nf3 Nc6 3. Nc3 Nf6 4. Bb5 Bb4 5. Nd5 Nxd5 6. exd5 e4 7. dxc6 dxc6
8. Be2 exf3 9. Bxf3 O-O 10. O-O Bd6 11. d4 Qh4 12. g3 Qf6 13. Re1 Bf5 14. Bg2
Rfe8 15. Rxe8+ Rxe8 16. Be3 Be4 17. c3 g6 18. Qb3 b6 19. Qa4 Qf5 20. Re1 Bxg2
21. Kxg2 b5 22. Qb3 h5 23. Qd1 h4 24. gxh4 Re4 25. h3 Rxh4 26. Rh1 Re4 27. Qf3
Bf4 28. Re1 Qe6 29. b3 Bd6 30. Kf1 Qd5 31. Rc1 Rxd4 32. Qxd5 Rxd5 33. c4 Rh5
34. Bxa7 Rxh3 35. Kg2 Rh2+ 36. Kg1 b4 37. c5 Bf4 38. Rc4 Rh4 39. Kg2 Bg5 40.
Rc2 Rd4 41. Bb8 Bf4 42. Re2 Rd8 43. Re4 Rxb8 44. Rxf4 f5 45. Rd4 Kf7 46. Rd7+
Ke6 47. Rxc7 Kd5 48. Rg7 Kxc5 49. Rxg6 Ra8 50. Rg5 Rxa2 51. Rxf5+ Kb6 52. Re5
Rb2 53. Re3 c5 54. Kg3 c4 55. bxc4 Kc5 56. Re8 Kxc4 57. f4 b3 58. Kg4 Rd2 59.
f5 b2 60. Rb8 Kc3 61. f6 Kc2 62. Kg5 Rg2+ 63. Kh6 Rf2 *

[Event "Moscow-Open 2021_A"]
[Site "Moscow"]
[Date "2021.02.20"]
[Round "1.33"]
[White "Naumkin, Igor"]
[Black "Bratov, Ademir"]
[Result "*"]
[WhiteElo "2277"]
[BlackElo "1813"]
[PlyCount "49"]
[EventDate "2021.02.20"]

1. d4 Nf6 2. c4 e6 3. Nf3 d5 4. Nc3 Be7 5. Bg5 h6 6. Bh4 O-O 7. e3 Nbd7 8. Bd3
b6 9. O-O Bb7 10. Qe2 Rc8 11. Rad1 Re8 12. Ne5 c5 13. f4 Qc7 14. Nb5 Qb8 15. f5
a6 16. Nxd7 Nxd7 17. fxe6 fxe6 18. Bg3 e5 19. Qg4 Bf6 20. Qxd7 axb5 21. dxe5
Rcd8 22. Qf5 Rxe5 23. Qh7+ Kf8 24. Rxf6+ gxf6 25. Bg6 *

[Event "Moscow-Open 2021_A"]
[Site "Moscow"]
[Date "2021.02.20"]
[Round "1.34"]
[White "Boktaev, Adyan"]
[Black "Gvanceladze, Anna"]
[Result "*"]
[WhiteElo "1808"]
[BlackElo "2254"]
[PlyCount "58"]
[EventDate "2021.02.20"]

1. d4 d5 2. c4 c6 3. cxd5 cxd5 4. Bf4 Nc6 5. e3 Nf6 6. Nc3 a6 7. Bd3 Bg4 8. f3
Bd7 9. Nge2 e6 10. O-O Nh5 11. Bg3 Nxg3 12. Nxg3 Bd6 13. f4 g6 14. Kh1 f5 15.
Nge2 h5 16. Ng1 g5 17. Be2 gxf4 18. exf4 Qf6 19. Nf3 Bxf4 20. Qb3 b5 21. Rae1
Kf8 22. Bd3 Kg7 23. Nxd5 exd5 24. Qxd5 Qd6 25. Qb3 Rhe8 26. Rxe8 Rxe8 27. Nh4
Nxd4 28. Qd1 Kh6 29. Bxf5 Nxf5 *

[Event "Moscow-Open 2021_A"]
[Site "Moscow"]
[Date "2021.02.20"]
[Round "1.35"]
[White "Zhukov, Anton"]
[Black "Arutyunova, Yuliya"]
[Result "*"]
[WhiteElo "2237"]
[BlackElo "1802"]
[PlyCount "79"]
[EventDate "2021.02.20"]

1. d4 Nf6 2. c4 g6 3. Nc3 c6 4. Bf4 Bg7 5. Nf3 O-O 6. h3 d5 7. e3 e6 8. Be2
Nbd7 9. O-O dxc4 10. Bxc4 b5 11. Bd3 Bb7 12. Bd6 Re8 13. e4 Nb6 14. e5 Nfd5 15.
Ne4 Nf4 16. Bc2 Nc4 17. b3 Nxd6 18. Nxd6 Re7 19. Be4 Nd5 20. Rc1 Qb6 21. Qd2 h6
22. h4 b4 23. h5 gxh5 24. Bxd5 cxd5 25. Rc5 Ba6 26. Rfc1 Rb8 27. Rc6 Qa5 28. a4
Bc4 29. bxc4 Qxa4 30. cxd5 Rd7 31. dxe6 fxe6 32. d5 Qb3 33. R6c4 Bf8 34. dxe6
Rg7 35. Qd5 Kh7 36. Nf5 Qa3 37. Nxg7 Bxg7 38. Qe4+ Kg8 39. Rc8+ Rxc8 40. Rxc8+
*

[Event "Moscow-Open 2021_A"]
[Site "Moscow"]
[Date "2021.02.20"]
[Round "1.36"]
[White "Teymurkhanly, Teymur"]
[Black "Mikhailovsky, Vladimir"]
[Result "*"]
[WhiteElo "1799"]
[BlackElo "2228"]
[PlyCount "40"]
[EventDate "2021.02.20"]

1. d4 d5 2. Nf3 Nf6 3. Bf4 e6 4. e3 Bd6 5. Bd3 c5 6. Bxd6 Qxd6 7. c3 Nc6 8.
Nbd2 O-O 9. e4 cxd4 10. cxd4 Nxd4 11. Nxd4 dxe4 12. Nxe4 Qxd4 13. Nxf6+ Qxf6
14. Qe2 Rd8 15. g4 e5 16. Rd1 Be6 17. h4 Qf4 18. Rg1 Rd4 19. f3 Rad8 20. Kf2 e4
*

[Event "Moscow-Open 2021_A"]
[Site "Moscow"]
[Date "2021.02.20"]
[Round "1.37"]
[White "Thing, Bibek"]
[Black "Parpiev, Isaak"]
[Result "*"]
[WhiteElo "2222"]
[BlackElo "1790"]
[PlyCount "122"]
[EventDate "2021.02.20"]

1. e4 c5 2. Nf3 d6 3. Bb5+ Bd7 4. Bxd7+ Nxd7 5. O-O Ngf6 6. Qe2 e6 7. c3 Be7 8.
d3 O-O 9. Bf4 a6 10. Nbd2 b5 11. Rfd1 Nb6 12. Nf1 Qc7 13. Ng3 Rfc8 14. h4 Qb7
15. Nh2 a5 16. h5 c4 17. h6 g6 18. Qf3 Ne8 19. Ng4 b4 20. cxb4 axb4 21. dxc4
Nxc4 22. b3 Na3 23. Rd3 Nb5 24. Bd2 e5 25. Ne2 Nbc7 26. Ne3 Nf6 27. Ng3 Ne6 28.
Nef5 Ne8 29. Nxe7+ Qxe7 30. Bxb4 Nd4 31. Rxd4 exd4 32. Ne2 Qg5 33. a3 Qxh6 34.
Rd1 Qg5 35. Rxd4 Qe5 36. Qd3 Rc6 37. g3 Rac8 38. Kg2 h5 39. Ng1 Qe6 40. Nf3 Nf6
41. a4 Rc2 42. Rxd6 Qxe4 43. Rd8+ Rxd8 44. Qxd8+ Ne8 45. Be7 Qc6 46. Qd4 Rc3
47. Qd1 Qb7 48. Bg5 Rxb3 49. Be3 Rc3 50. Qd4 Rc8 51. Qe5 Qc6 52. a5 Nd6 53. Bd4
Kf8 54. Qh8+ Ke7 55. Qf6+ Ke8 56. Kh2 Nf5 57. Qe5+ Qe6 58. Qb5+ Qd7 59. Qe2+
Qe6 60. Qb5+ Qd7 61. Qe2+ Qe6 *

[Event "Moscow-Open 2021_A"]
[Site "Moscow"]
[Date "2021.02.20"]
[Round "1.38"]
[White "Novozhilov, Semen"]
[Black "Nikologorsky, Matfei"]
[Result "*"]
[WhiteElo "1788"]
[BlackElo "2215"]
[PlyCount "54"]
[EventDate "2021.02.20"]

1. d4 Nf6 2. Nf3 g6 3. g3 Bg7 4. c4 O-O 5. Bg2 d5 6. cxd5 Nxd5 7. O-O Nc6 8.
Nc3 Nb6 9. d5 Na5 10. Qc2 c6 11. b4 Nxd5 12. Nxd5 cxd5 13. Bf4 Bf5 14. Qd1 Nc4
15. Rc1 e5 16. Rxc4 dxc4 17. Nxe5 Qxd1 18. Rxd1 Rad8 19. Rc1 c3 20. Bxb7 Bxe5
21. Bxe5 c2 22. Kg2 Rd1 23. Bb2 Rxc1 24. Bxc1 Rd8 25. e4 Rd1 26. exf5 Rxc1 27.
Be4 Rg1+ *

[Event "Moscow-Open 2021_A"]
[Site "Moscow"]
[Date "2021.02.20"]
[Round "1.39"]
[White "Voinikonis, Nikita"]
[Black "Shturman, Arseniy"]
[Result "*"]
[WhiteElo "2208"]
[BlackElo "1782"]
[PlyCount "78"]
[EventDate "2021.02.20"]

1. d4 Nf6 2. Bg5 d5 3. Bxf6 gxf6 4. e3 c5 5. c4 dxc4 6. Bxc4 cxd4 7. exd4 e6 8.
Ne2 Nd7 9. Nbc3 Nb6 10. Bb3 Bd6 11. d5 exd5 12. Bxd5 Nxd5 13. Qxd5 Be5 14. Qe4
Be6 15. Qxb7 O-O 16. O-O Rb8 17. Qxa7 Rxb2 18. Qe3 Bc4 19. Rfd1 Qc7 20. Nd4
Bxh2+ 21. Kh1 Bf4 22. Qf3 Kh8 23. Ne4 Be5 24. Rac1 Rd8 25. Qc3 Re2 26. f3 f5
27. Ng3 Qe7 28. Ngxe2 Qh4+ 29. Kg1 Bxe2 30. Nxf5 Rxd1+ 31. Rxd1 Bxc3 32. Nxh4
Bxd1 33. Nf5 Bc2 34. Nd6 Kg8 35. Kf2 Bb4 36. Nc4 Bb1 37. a3 Bc5+ 38. Ke2 Ba2
39. Ne5 Bxa3 *

[Event "Moscow-Open 2021_A"]
[Site "Moscow"]
[Date "2021.02.20"]
[Round "1.40"]
[White "Karapetyan, Alexander"]
[Black "Khudyakov, Stanislav"]
[Result "*"]
[WhiteElo "1782"]
[BlackElo "2196"]
[PlyCount "68"]
[EventDate "2021.02.20"]

1. e4 c5 2. Nf3 Nc6 3. d4 cxd4 4. Nxd4 Nf6 5. Nc3 e5 6. Ndb5 d6 7. Nd5 Nxd5 8.
exd5 Ne7 9. c4 Ng6 10. Qa4 Bd7 11. Qb4 Qb8 12. h4 h5 13. Bg5 f5 14. Be2 a6 15.
Na3 Qc7 16. Qd2 Be7 17. g3 Kf7 18. Rc1 Bxg5 19. Qxg5 Qb6 20. Rc2 e4 21. Bxh5
Rh6 22. O-O Rah8 23. Bxg6+ Rxg6 24. Qf4 Qc5 25. b4 Qd4 26. c5 Ba4 27. Rc4 Qxd5
28. cxd6 Rg4 29. Rc7+ Kf6 30. Qc1 Qd4 31. Kg2 f4 32. Kh3 Qe5 33. Nc4 Rgxh4+ 34.
gxh4 Qf5+ *

[Event "Moscow-Open 2021_A"]
[Site "Moscow"]
[Date "2021.02.20"]
[Round "1.41"]
[White "Isaev, Magomed"]
[Black "Yarikov, Artem"]
[Result "*"]
[WhiteElo "2196"]
[BlackElo "1778"]
[PlyCount "61"]
[EventDate "2021.02.20"]

1. d4 d5 2. Nf3 Nf6 3. c4 c6 4. Nc3 e6 5. Bg5 Nbd7 6. c5 Qc7 7. e3 Be7 8. Bf4
Qa5 9. a3 Ne4 10. Rc1 f5 11. Ne5 Nxe5 12. Bxe5 O-O 13. f3 Nxc3 14. Rxc3 Bh4+
15. g3 Bf6 16. Bd6 Re8 17. f4 Bd7 18. Bd3 Qd8 19. Rb3 b5 20. cxb6 axb6 21. Qc2
c5 22. dxc5 Ba4 23. Bb5 Bxb3 24. Qxb3 bxc5 25. Bxc5 Qa5+ 26. Ke2 Rec8 27. Rc1
Be7 28. Qb4 Qc7 29. Bxe7 Qxc1 30. Bd3 Rab8 31. Qd4 *

[Event "Moscow-Open 2021_A"]
[Site "Moscow"]
[Date "2021.02.20"]
[Round "1.42"]
[White "Talalov, Anton"]
[Black "Popov, Andrey"]
[Result "*"]
[WhiteElo "1766"]
[BlackElo "2182"]
[PlyCount "104"]
[EventDate "2021.02.20"]

1. e4 c5 2. Nf3 e6 3. c4 Nc6 4. Nc3 Nd4 5. d3 Ne7 6. g3 Nec6 7. Bg2 g6 8. Nxd4
cxd4 9. Ne2 b5 10. b3 bxc4 11. bxc4 Qa5+ 12. Bd2 Qa3 13. Qb3 Rb8 14. Qxa3 Bxa3
15. O-O e5 16. Rab1 Rxb1 17. Rxb1 f6 18. Nc1 Bc5 19. a4 Ke7 20. Kf1 d6 21. a5
Bd7 22. Ke2 Rb8 23. Rxb8 Nxb8 24. Bf3 Ba3 25. Na2 Ba4 26. Nb4 Bxb4 27. Bxb4 Nc6
28. Bd2 Kd8 29. g4 Bc2 30. h4 Nb8 31. Bb4 Kd7 32. Kd2 Ba4 33. Bd1 Bc6 34. Ke1
Na6 35. Ba3 Nc7 36. c5 d5 37. f3 Ne6 38. Bb3 Nf4 39. exd5 Bxd5 40. Bxd5 Nxd5
41. Kd2 Kc6 42. g5 fxg5 43. hxg5 Nf4 44. Kc2 Ne6 45. Bc1 Kxc5 46. Kb3 Kb5 47.
a6 Nc5+ 48. Kc2 Nxa6 49. f4 Nb4+ 50. Kd2 exf4 51. Ke2 a5 52. Bxf4 a4 *

[Event "Moscow-Open 2021_A"]
[Site "Moscow"]
[Date "2021.02.20"]
[Round "1.43"]
[White "Babakekhyan, Artem"]
[Black "Efimov, Leonid"]
[Result "*"]
[WhiteElo "2181"]
[BlackElo "1764"]
[PlyCount "77"]
[EventDate "2021.02.20"]

1. c4 e6 2. Nf3 d5 3. g3 Nf6 4. Bg2 dxc4 5. Qa4+ Nbd7 6. Qxc4 a6 7. Qb3 c5 8.
a4 Rb8 9. a5 b5 10. axb6 Rxb6 11. Qc2 Bb7 12. O-O Qa8 13. d3 Bd6 14. Nbd2 Ne5
15. Qa4+ Ke7 16. Qc2 Rc8 17. e4 Nfd7 18. Ne1 Nc6 19. Nc4 Nd4 20. Qd2 Rbc6 21.
Na5 Rb6 22. Qd1 Ne5 23. f4 Nec6 24. Nc4 Rb5 25. Qh5 Bc7 26. f5 e5 27. f6+ gxf6
28. Bg5 Rf8 29. Bxf6+ Ke8 30. Bg7 Nd8 31. Bxf8 Kxf8 32. Nf3 Nxf3+ 33. Rxf3 Rb6
34. Nxb6 Bxb6 35. Raf1 Bd5 36. exd5 Qa7 37. Qh6+ Ke8 38. Rf6 c4+ 39. Rxb6 *

[Event "Moscow-Open 2021_A"]
[Site "Moscow"]
[Date "2021.02.20"]
[Round "1.44"]
[White "Ivannikov, Maksim"]
[Black "Chuklin, Ivan"]
[Result "*"]
[WhiteElo "1763"]
[BlackElo "2181"]
[PlyCount "90"]
[EventDate "2021.02.20"]

1. e4 c5 2. Nc3 Nc6 3. Bb5 Nd4 4. Nf3 a6 5. Bd3 Nxf3+ 6. Qxf3 d6 7. O-O g6 8.
b3 Bg7 9. Bb2 Nf6 10. Qe2 O-O 11. f4 b5 12. a4 b4 13. Nd1 Bb7 14. Nf2 e6 15.
Rae1 Qc7 16. Ng4 Nxg4 17. Bxg7 Kxg7 18. Qxg4 f5 19. exf5 exf5 20. Qg3 Qf7 21.
Re3 Rfe8 22. Rfe1 Kf8 23. Bc4 d5 24. Bf1 Qf6 25. Qf2 Rxe3 26. Qxe3 Qd4 27. Qxd4
cxd4 28. Re6 a5 29. Rb6 Ra7 30. Bb5 Ke7 31. Kf2 Bc8 32. Rc6 Bd7 33. Rc5 Kd6 34.
Bxd7 Kxc5 35. Bb5 Kd6 36. Bd3 h6 37. g4 Ke6 38. Kg3 Kf6 39. h4 fxg4 40. Kxg4
Re7 41. h5 gxh5+ 42. Kxh5 Re1 43. Kh4 Rd1 44. Kh5 Rxd2 45. Bh7 d3 *

[Event "Moscow-Open 2021_A"]
[Site "Moscow"]
[Date "2021.02.20"]
[Round "1.45"]
[White "Medzinovskiy, Petr"]
[Black "Druchenko, Mikhail"]
[Result "*"]
[WhiteElo "2179"]
[BlackElo "1761"]
[PlyCount "41"]
[EventDate "2021.02.20"]

1. e4 e5 2. Nf3 Nc6 3. Bb5 Nd4 4. Nxd4 exd4 5. O-O Bc5 6. Bc4 h5 7. d3 d6 8.
Re1 Kf8 9. h3 Ne7 10. Bg5 f6 11. Bc1 d5 12. exd5 Nxd5 13. Qf3 c6 14. a3 Qd6 15.
Nd2 b5 16. Ba2 Bb6 17. Ne4 Qe5 18. Bd2 Bc7 19. Nxf6 Qxf6 20. Bxd5 Qxf3 21. Bb4+
*

[Event "Moscow-Open 2021_A"]
[Site "Moscow"]
[Date "2021.02.20"]
[Round "1.46"]
[White "Ryabov, Georgi"]
[Black "Sharikov, Alexander"]
[Result "*"]
[WhiteElo "1751"]
[BlackElo "2170"]
[PlyCount "86"]
[EventDate "2021.02.20"]

1. c4 e5 2. g3 Nf6 3. Nc3 d5 4. cxd5 Nxd5 5. Bg2 Nb6 6. Nf3 Nc6 7. O-O Be7 8.
d3 O-O 9. Be3 Re8 10. d4 exd4 11. Nxd4 Nxd4 12. Qxd4 c6 13. Rfd1 Be6 14. Ne4
Qc8 15. Bf4 Rd8 16. Qe5 Nc4 17. Qc3 Bd5 18. b3 Na3 19. Rac1 Nb5 20. Qe5 Ba3 21.
Bh6 Qg4 22. Bf4 Bxc1 23. Rxc1 Re8 24. Qb2 Bxe4 25. Bxe4 Rad8 26. Bf3 Qg6 27.
Be3 Qd6 28. Kg2 Qf6 29. Qxf6 gxf6 30. Rc4 a6 31. a4 Nc7 32. Rg4+ Kh8 33. Bd4
Re6 34. Rf4 Kg7 35. Bb6 Re7 36. Rg4+ Kh8 37. Bd4 Re6 38. Rf4 Ne8 39. Bh5 Kg7
40. Rg4+ Kf8 41. Bc5+ Nd6 42. Be3 Re5 43. Rh4 Nf5 *

[Event "Moscow-Open 2021_A"]
[Site "Moscow"]
[Date "2021.02.20"]
[Round "1.47"]
[White "Chetverik, Maxim"]
[Black "Bardyk, Artem"]
[Result "*"]
[WhiteElo "2159"]
[BlackElo "1742"]
[PlyCount "149"]
[EventDate "2021.02.20"]

1. d4 d5 2. c4 c6 3. cxd5 cxd5 4. Bf4 Nf6 5. Nc3 Nc6 6. e3 a6 7. Bd3 Bg4 8.
Nge2 e6 9. O-O Bd6 10. f3 Bh5 11. Rc1 Bg6 12. Bg5 O-O 13. Bxg6 hxg6 14. f4 Na5
15. b3 Ba3 16. Rc2 Be7 17. Bxf6 Bxf6 18. Nc1 Rc8 19. Nd3 Qc7 20. Rff2 Qb8 21.
Qe1 Nc6 22. Kh1 Be7 23. Na4 Rc7 24. Qc1 Qa7 25. g3 Rfc8 26. h4 Bd6 27. Qb2 Ne7
28. g4 Kf8 29. Kg2 Ng8 30. Rxc7 Rxc7 31. Rc2 b6 32. Qc1 Rxc2+ 33. Qxc2 Qb7 34.
Kf3 Nf6 35. Ne5 Bxe5 36. fxe5 Ne4 37. g5 Ke7 38. Nc3 Qc6 39. Nxd5+ Qxd5 40.
Qxe4 Qb5 41. Qb7+ Ke8 42. Qc8+ Ke7 43. Qc7+ Ke8 44. Qc4 Qd7 45. Qxa6 Qc6+ 46.
Kg3 Qc1 47. Qa8+ Ke7 48. Qb7+ Ke8 49. Qf3 Qg1+ 50. Kh3 Qb1 51. Qf2 Ke7 52. Kh2
Ke8 53. Qe2 Kd8 54. e4 Qc1 55. Qf2 Qc3 56. Qxf7 Qd2+ 57. Kg3 Qd3+ 58. Qf3 Qxd4
59. Qf8+ Kd7 60. Qd6+ Qxd6 61. exd6 Kxd6 62. Kf4 e5+ 63. Ke3 Kc5 64. a3 Kb5 65.
Kd3 Kc5 66. Kc3 Kb5 67. a4+ Kc5 68. b4+ Kc6 69. Kc4 Kd6 70. a5 bxa5 71. bxa5
Ke7 72. a6 Kf7 73. a7 Kg8 74. a8=Q+ Kh7 75. Qd5 *

[Event "Moscow-Open 2021_A"]
[Site "Moscow"]
[Date "2021.02.20"]
[Round "1.48"]
[White "Shakhov, Dmitriy"]
[Black "Nakonechny, Ignat"]
[Result "*"]
[WhiteElo "1738"]
[BlackElo "2158"]
[PlyCount "94"]
[EventDate "2021.02.20"]

1. d4 Nf6 2. Nf3 g6 3. g3 Bg7 4. Bg2 O-O 5. O-O d6 6. c4 Nbd7 7. Nc3 c6 8. b3
Qa5 9. Bd2 Qc7 10. e4 e5 11. d5 c5 12. Qe2 h6 13. Rab1 a6 14. Rfc1 Nh7 15. Ne1
f5 16. Nd3 Ndf6 17. b4 b6 18. a4 cxb4 19. Nxb4 Ng5 20. Bxg5 hxg5 21. a5 bxa5
22. Nd3 f4 23. Na4 Bd7 24. Qa2 f3 25. Bxf3 g4 26. Bg2 Bh6 27. Rc2 Rab8 28. Rbb2
Qa7 29. c5 Bb5 30. Rb3 Rfc8 31. cxd6 Nd7 32. Rc6 Qd4 33. Rxb5 axb5 34. Nac5
Nxc5 35. Nxc5 Rf8 36. Ne6 Qd1+ 37. Bf1 Rf7 38. Rc7 Rb7 39. Rxb7 Rxb7 40. Qxa5
Rf7 41. Qb6 Qd2 42. d7 Rxd7 43. Qxb5 Rf7 44. Qe2 Rxf2 45. Qxd2 Rxd2 46. h3 Be3+
47. Kh1 Rd1 *

[Event "Moscow-Open 2021_A"]
[Site "Moscow"]
[Date "2021.02.20"]
[Round "1.49"]
[White "Bazyrtsyrenov, Kirill"]
[Black "Voronin, Nikita"]
[Result "*"]
[WhiteElo "2156"]
[BlackElo "1732"]
[PlyCount "59"]
[EventDate "2021.02.20"]

1. e4 c5 2. Nf3 e6 3. d4 cxd4 4. Nxd4 a6 5. Nc3 Qc7 6. Bd3 Nf6 7. O-O g6 8. Qe2
d6 9. f4 Bg7 10. e5 dxe5 11. fxe5 Nfd7 12. Rxf7 Kxf7 13. Nxe6 Qxe5 14. Qf2+ Bf6
15. Ng5+ Kg7 16. Bf4 Qe8 17. Nd5 Nc6 18. Nc7 Qe7 19. Nge6+ Kg8 20. Bc4 Nde5 21.
Bxe5 Nxe5 22. Nd5 Qxe6 23. Nxf6+ Kg7 24. Bxe6 Bxe6 25. Ne4 Rhf8 26. Qd4 Rf5 27.
Ng3 Rg5 28. h4 Rd8 29. Qxd8 Rxg3 30. Qe7+ *

[Event "Moscow-Open 2021_A"]
[Site "Moscow"]
[Date "2021.02.20"]
[Round "1.50"]
[White "Shaymardanov, Bakhtiyar"]
[Black "Volodin, Viktor"]
[Result "*"]
[WhiteElo "1702"]
[BlackElo "2151"]
[PlyCount "93"]
[EventDate "2021.02.20"]

1. d4 d5 2. c4 e6 3. Nf3 Nf6 4. g3 c6 5. Qc2 dxc4 6. Qxc4 b5 7. Qb3 Bb7 8. Bg2
Nbd7 9. O-O Qb6 10. Ne5 c5 11. Nxd7 Nxd7 12. Bxb7 Qxb7 13. Nc3 a6 14. Rd1 Be7
15. d5 c4 16. Qc2 O-O 17. dxe6 fxe6 18. Ne4 Nc5 19. Ng5 Bxg5 20. Bxg5 Ne4 21.
Be3 Rf5 22. f3 Nf6 23. Bd4 Rf8 24. Bxf6 R5xf6 25. Qc3 Qb6+ 26. Qd4 e5 27. Qxb6
Rxb6 28. Rd5 Re6 29. Rad1 Kf7 30. Rd7+ Kf6 31. R1d6 Rfe8 32. e4 b4 33. Rxe6+
Kxe6 34. Rc7 Rd8 35. Rxc4 Rd1+ 36. Kf2 Rd2+ 37. Ke3 Rxb2 38. Rc6+ Kf7 39. Rxa6
Rxh2 40. f4 Rc2 41. Ra4 Rc3+ 42. Kf2 exf4 43. gxf4 b3 44. axb3 Rxb3 45. Ra7+
Kg6 46. f5+ Kf6 47. e5+ *

[Event "Moscow-Open 2021_A"]
[Site "Moscow"]
[Date "2021.02.20"]
[Round "1.51"]
[White "Zhukenov, Aituar"]
[Black "Meydi, Igor"]
[Result "*"]
[WhiteElo "2144"]
[BlackElo "1678"]
[PlyCount "75"]
[EventDate "2021.02.20"]

1. e4 e5 2. Bc4 Nf6 3. d3 Nc6 4. Nc3 h6 5. f4 Bc5 6. Nf3 d6 7. Na4 Bb6 8. Nxb6
axb6 9. a3 O-O 10. fxe5 Nxe5 11. Nxe5 dxe5 12. Qf3 Be6 13. Bxe6 fxe6 14. Qg3
Qd4 15. c3 Qd6 16. Bxh6 Nh5 17. Qh3 gxh6 18. Qxh5 Qxd3 19. Qg6+ Kh8 20. Qxh6+
Kg8 21. Qxe6+ Kh7 22. Qh3+ Qxh3 23. gxh3 Rf4 24. O-O-O Kh6 25. Rd7 Rc8 26. Re1
Rf2 27. Rd2 Rf3 28. Rd5 Rxh3 29. Rxe5 Rxh2 30. Rd5 Rf8 31. Rd2 Rff2 32. Rxf2
Rxf2 33. Rd1 Rf7 34. Kc2 Re7 35. Kd3 Kg5 36. Rf1 c5 37. a4 Kg4 38. Rf6 *

[Event "Moscow-Open 2021_A"]
[Site "Moscow"]
[Date "2021.02.20"]
[Round "1.52"]
[White "Gukhman, Sergey"]
[Black "Tyurin, Artem"]
[Result "*"]
[WhiteElo "1667"]
[BlackElo "2130"]
[PlyCount "49"]
[EventDate "2021.02.20"]

1. e4 e6 2. Qe2 c5 3. Nf3 Nc6 4. g3 g6 5. Bg2 Bg7 6. O-O d6 7. c3 Nge7 8. d4
cxd4 9. cxd4 O-O 10. Nc3 d5 11. e5 Nf5 12. Rd1 Qb6 13. Qb5 Qxb5 14. Nxb5 a6 15.
Nc3 b6 16. g4 Nfe7 17. Ne1 Bd7 18. Nd3 Rfc8 19. Ne2 Rc7 20. Be3 b5 21. Nc5 Be8
22. Nf4 Nb4 23. Rdc1 Bf8 24. a3 Nbc6 25. Nfd3 *

[Event "Moscow-Open 2021_A"]
[Site "Moscow"]
[Date "2021.02.20"]
[Round "1.53"]
[White "Mikhnenko, Alexander"]
[Black "Kasintsov, Gleb"]
[Result "*"]
[WhiteElo "2129"]
[BlackElo "1658"]
[PlyCount "87"]
[EventDate "2021.02.20"]

1. d4 Nf6 2. Nf3 d5 3. c4 e6 4. g3 b6 5. cxd5 exd5 6. Bg2 Be7 7. O-O O-O 8. Nc3
Bf5 9. Ne5 c6 10. Bf4 Qc8 11. Re1 Rd8 12. Rc1 Qe6 13. Qb3 Ne4 14. Nxe4 dxe4 15.
Qxe6 fxe6 16. g4 Bg6 17. Nxg6 hxg6 18. e3 Nd7 19. Bxe4 Nf6 20. Bxc6 Rac8 21.
Bg3 Kf7 22. h3 g5 23. Bb7 Rxc1 24. Rxc1 Ne8 25. Rc8 Rxc8 26. Bxc8 Bd6 27. Bd7
Nf6 28. Bxd6 Nxd7 29. Kf1 Nf6 30. Ke2 Nd7 31. Kd3 b5 32. Kc3 a6 33. Kb4 Nb6 34.
Bc5 Na4 35. b3 Nb2 36. Ka5 Nd3 37. Kxa6 Nxf2 38. Kxb5 Nxh3 39. a4 Nf2 40. a5
Nxg4 41. a6 Nxe3 42. a7 Nd5 43. Kc6 g4 44. a8=Q *

[Event "Moscow-Open 2021_A"]
[Site "Moscow"]
[Date "2021.02.20"]
[Round "1.54"]
[White "Tandelov, Arseny"]
[Black "Talibov, Shiroghlan"]
[Result "*"]
[WhiteElo "1657"]
[BlackElo "2128"]
[PlyCount "94"]
[EventDate "2021.02.20"]

1. e4 c6 2. d4 d5 3. exd5 cxd5 4. Bd3 Nc6 5. c3 Nf6 6. Bf4 g6 7. Nf3 Bg7 8. h3
O-O 9. Nbd2 Bf5 10. Bxf5 gxf5 11. O-O e6 12. a4 Ne4 13. Ne5 Bxe5 14. dxe5 Qh4
15. Nxe4 dxe4 16. Qc1 Qh5 17. f3 exf3 18. Rxf3 Ne7 19. Bg5 Ng6 20. Bf6 h6 21.
a5 Kh7 22. Ra4 Rg8 23. Qe3 Rac8 24. Qd3 Rc5 25. Rg3 Rxe5 26. Bxe5 Nxe5 27. Qe3
Rxg3 28. Qxg3 Qd1+ 29. Kh2 Qxa4 30. Qxe5 Kg6 31. b4 Qc6 32. b5 Qd5 33. Qg3+ Kf6
34. Qh4+ Kg6 35. c4 Qe5+ 36. Qg3+ Kf6 37. Qxe5+ Kxe5 38. c5 Kd5 39. c6 Kd6 40.
cxb7 Kc7 41. a6 e5 42. g3 h5 43. Kg2 f6 44. Kf3 Kb8 45. Ke3 Kc7 46. Kf3 e4+ 47.
Kf4 Kb8 *

[Event "Moscow-Open 2021_A"]
[Site "Moscow"]
[Date "2021.02.20"]
[Round "1.55"]
[White "Komissarov, Alexey"]
[Black "Bugaev, Anton"]
[Result "*"]
[WhiteElo "2127"]
[BlackElo "1648"]
[PlyCount "108"]
[EventDate "2021.02.20"]

1. e4 c5 2. a3 e6 3. b4 d5 4. exd5 exd5 5. Bb2 Nf6 6. Bb5+ Bd7 7. Qe2+ Qe7 8.
Bxf6 gxf6 9. Nc3 Bxb5 10. Nxb5 Kd7 11. Nc3 Nc6 12. Nxd5 Qxe2+ 13. Kxe2 Re8+ 14.
Kd1 Re5 15. c4 cxb4 16. axb4 Bxb4 17. Nf3 Re6 18. Nxb4 Nxb4 19. Rxa7 Kc7 20.
Ra3 Rd8 21. d4 Re4 22. Re3 f5 23. Rhe1 Rdxd4+ 24. Nxd4 Rxd4+ 25. Kc1 Nd3+ 26.
Rxd3 Rxd3 27. Re7+ Rd7 28. Re5 f4 29. Kc2 f6 30. Rf5 Rg7 31. g3 fxg3 32. hxg3
Rg6 33. Kd3 Kd6 34. Ke3 Kc6 35. Rh5 Rg7 36. Kf4 Re7 37. Rf5 Re6 38. Rh5 Re7 39.
g4 Re2 40. f3 Rc2 41. Rxh7 Rxc4+ 42. Kf5 b5 43. Rf7 b4 44. Rxf6+ Kc5 45. Rf8 b3
46. g5 b2 47. Rc8+ Kd4 48. Rb8 Kc3 49. Rxb2 Kxb2 50. g6 Rc7 51. Kf6 Kc3 52. g7
Rc8 53. Kf7 Kd4 54. f4 Ke4 *

[Event "Moscow-Open 2021_A"]
[Site "Moscow"]
[Date "2021.02.20"]
[Round "1.56"]
[White "Zulpikarov, Ruslan"]
[Black "Sviridov, Vladislav"]
[Result "*"]
[WhiteElo "1647"]
[BlackElo "2123"]
[PlyCount "133"]
[EventDate "2021.02.20"]

1. e4 e6 2. d4 d5 3. exd5 exd5 4. Nf3 Bd6 5. Bd3 Ne7 6. c3 c6 7. Bg5 f6 8. Bh4
Bf5 9. Bg3 O-O 10. Nh4 Bxd3 11. Qxd3 Re8 12. O-O Na6 13. Nd2 Bxg3 14. Qxg3 Qd7
15. Rfe1 Nc7 16. Re3 Nb5 17. Rae1 Nd6 18. Qf3 Ng6 19. Nxg6 hxg6 20. Nf1 Nc4 21.
Rxe8+ Rxe8 22. Rxe8+ Qxe8 23. b3 Nd6 24. Qg3 Ne4 25. Qe3 Kf7 26. f3 Nd6 27. Kf2
Qe6 28. Ng3 g5 29. Qxe6+ Kxe6 30. Ke3 f5 31. Ne2 f4+ 32. Kd2 Kf5 33. Nc1 g4 34.
Nd3 gxf3 35. gxf3 Nf7 36. a4 g5 37. h3 Nd6 38. a5 Kg6 39. a6 Kh5 40. Ne5 bxa6
41. Nxc6 Kh4 42. Ne7 Kxh3 43. Nxd5 Kg2 44. Ke2 Nf5 45. Nf6 Ng3+ 46. Kd3 Kxf3
47. d5 Nf5 48. Ne4 g4 49. Nd2+ Kg3 50. Nc4 Kg2 51. Nd2 f3 52. Ke4 Nd6+ 53. Kf4
f2 54. c4 Nb7 55. Kxg4 f1=Q 56. Nxf1 Kxf1 57. Kf3 Ke1 58. Ke3 a5 59. Kd4 Kd2
60. c5 Kc2 61. c6 Nd6 62. Ke5 Nc8 63. d6 Kxb3 64. d7 Ne7 65. Kd6 Nxc6 66. Kxc6
a4 67. d8=Q *

[Event "Moscow-Open 2021_A"]
[Site "Moscow"]
[Date "2021.02.20"]
[Round "1.57"]
[White "Yakimenko, Alexander A"]
[Black "Zhugin, Nikolay"]
[Result "*"]
[WhiteElo "2122"]
[BlackElo "1646"]
[PlyCount "105"]
[EventDate "2021.02.20"]

1. d4 Nf6 2. c4 g6 3. f3 c5 4. d5 d6 5. Nc3 Bg7 6. Bg5 h6 7. Bh4 Nbd7 8. e4 Ne5
9. Qd2 g5 10. Bf2 h5 11. h4 g4 12. f4 Bh6 13. Be3 Ng6 14. Nge2 g3 15. f5 Bxe3
16. Qxe3 Ne5 17. Nxg3 Kd7 18. Be2 b6 19. O-O-O Qf8 20. b3 Bb7 21. Rhg1 Qg7 22.
Nh1 Rag8 23. g3 Nfg4 24. Qd2 Nh2 25. Rg2 Nhf3 26. Bxf3 Nxf3 27. Qe3 Ne5 28. Nf2
Qf6 29. Kb1 Qh6 30. Qxh6 Rxh6 31. Nd3 Nf3 32. Rf1 Nd4 33. Nf4 Rg4 34. Kb2 Rh8
35. Rff2 Bc8 36. Nce2 Nxe2 37. Rxe2 Kd8 38. Kc2 Bd7 39. Kd2 Rhg8 40. Nxh5 f6
41. Nf4 Be8 42. Ref2 Rxg3 43. Rxg3 Rxg3 44. Rg2 Rf3 45. Ng6 Rh3 46. Ke2 Bf7 47.
Kf2 Ke8 48. Rg3 Rh2+ 49. Kg1 Rxa2 50. h5 Re2 51. h6 Bg8 52. Nf4 Re1+ 53. Kf2 *

[Event "Moscow-Open 2021_A"]
[Site "Moscow"]
[Date "2021.02.20"]
[Round "1.58"]
[White "Rogov, Ivan"]
[Black "Stepanyan, Eva"]
[Result "*"]
[WhiteElo "1633"]
[BlackElo "2119"]
[PlyCount "51"]
[EventDate "2021.02.20"]

1. e4 c6 2. d4 d5 3. exd5 cxd5 4. Bd3 Nc6 5. c3 Qc7 6. Ne2 Bg4 7. O-O e6 8. Qe1
Bxe2 9. Qxe2 Bd6 10. f4 Nge7 11. Be3 O-O 12. Nd2 Ng6 13. Qh5 a6 14. Rf3 Nce7
15. Raf1 f5 16. c4 dxc4 17. Bxc4 Nd5 18. Bxd5 exd5 19. Rh3 Rf6 20. Qxh7+ Kf7
21. Qh5 Re8 22. Nf3 Rh8 23. Ng5+ Ke7 24. Nh7 Bxf4 25. Nxf6 Kxf6 26. Bxf4 *